Statistics for Random Words in Russian #4

Click here to take the quiz!

General Stats

  • This quiz has been taken 88 times
  • The average score is 8 of 17

Answer Stats

RussianTransliterationEnglish% Correct
АстрологияAstrologiyaAstrology
94%
КомпанияKompaniyaCompany
86%
ЗемляZemlyaEarth
74%
ТеперьTeper'Now
67%
ВозвращатьсяVozvrashchat'syaTo come back
49%
ПоцеловатьсяPotselovat'syaTo kiss
49%
ЧестноChestnoFair
45%
Кататься на лыжахKatat'sya na lyzhakhTo ski
42%
ПолезныйPolezniyBeneficial
39%
ИгрокIgrokPlayer
39%
ШутитьShutit'To joke
38%
МедбратMedbratNurse (male)
32%
СспоритьсяSsorit'syaTo argue
32%
КонькиKon'kiSkates
30%
ГораздоGorazdoMuch
20%
ПриближатьсяPriblizhat'syaTo approach
17%
СкукаSkukaBoredom
13%

Score Distribution

Percentile by Number Answered

Percent of People with Each Score

Your Score History

You have not taken this quiz